000
00277nam a22001217a 4500
041
_a
ENG
100
_a
Sharma.S.C
245
_a
Industrial Organisation & Engineering Economics
260
_a
Delhi
_b
Khanna Pub
_c
2001
300
_a
1218
650
_a
FMP
856
_u
FMP ( 23 )
999
_c
1357
_d
1357